Concerto for violin and orchestra /

Korporativní autor: Symfonický orchestr Českého rozhlasu
Další autoři: Novotný, František, 1964-, Vavřínek, Stanislav, 1972-, Arenskij, Anton Stepanovič, 1861-1906., Tanejev, Sergej Ivanovič, 1856-1915.
Jazyk: Nelze použít, není lingvistický obsah
Vydáno: Praha : Radioservis, [2017]
Témata:
Fyzický popis: 1 CD audio (65:12) ; 12 cm
Zvukové nahrávky
Uloženo v:
LEADER 02551njm a2200625 i 4500
001 001592729
003 CZ BrMZK
005 20171003081350.0
007 sd fungnnmmned
008 170904p20172014xr munng ef n zxx
024 3 |a 8590236093928 
028 0 1 |a CR0939-2  |b Radioservis 
040 |a BOA001  |b cze  |e rda 
041 0 |g cze  |g eng 
043 |a e-ru--- 
045 |a w-x- 
047 |a co  |a su 
048 |b sa01  |a oa01 
072 7 |x Hudba pro strunné a smyčcové nástroje  |a 787  |2 Konspekt  |9 9 
080 |a 787.1  |2 MRF 
080 |a 78.082.4  |2 MRF 
080 |a 78.083.1  |2 MRF 
080 |a (086.76)  |2 MRF 
245 0 0 |a Concerto for violin and orchestra /  |c Anton Arensky. Concert suite for violin and orchestra / Dergei Taneyev 
246 1 |i Název na pouzdře:  |a Romantic violin concertos 
246 1 |i Název na hřbetu pouzdra:  |a Violin concertos 
264 1 |a Praha :  |b Radioservis,  |c [2017] 
264 4 |c ©2017  |c ℗2017 
300 |a 1 CD audio (65:12) ;  |c 12 cm 
306 |a 010512 
336 |a hraná hudba  |b prm  |2 rdacontent 
337 |a audio  |b s  |2 rdamedia 
338 |a audiodisk  |b sd  |2 rdacarrier 
344 |a digital  |b optical  |2 rda 
347 |a audio soubor  |b CD audio  |2 rda 
500 |a Název z disku 
500 |a Fonogram Český rozhlas 
500 |a Technika záznamu DDD 
500 |a Informace o autorech, interpretech a hudbě česky a anglicky (18 stran) v pouzdře 
511 1 |a František Novotný, housle ; Symfonický orchestr Českého rozhlasu, dirigent Stanislav Vavřínek 
518 |o Nahráno  |d říjen 2014 (1) a prosinec 2016 (2-6)  |p Studio 1 Českého rozhlasu, Praha Vinohrady 
648 7 |a 19.-20. století  |7 ch757015 
650 0 7 |a hudba pro housle  |7 ph120878  |z Rusko  |y 19.-20. století  |2 czenas 
650 0 7 |a koncerty  |7 ph121790  |z Rusko  |y 19.-20. století  |2 czenas 
650 0 7 |a suity  |7 ph321701  |z Rusko  |y 19.-20. století  |2 czenas 
655 7 |a kompaktní disky  |7 fd201991  |2 czenas 
700 1 |a Novotný, František,  |d 1964-  |7 ola2002150074  |4 itr 
700 1 |a Vavřínek, Stanislav,  |d 1972-  |7 jn20000620401  |4 cnd 
700 1 2 |i Obsahuje (dílo):  |a Arenskij, Anton Stepanovič,  |d 1861-1906.  |t Koncerty,  |m housle, orchestr ,  |n op. 54,  |r a moll 
700 1 2 |i Obsahuje (dílo):  |a Tanejev, Sergej Ivanovič,  |d 1856-1915.  |t Koncertnaja sjuita 
710 2 |a Symfonický orchestr Českého rozhlasu  |7 kn20030215002  |4 itr 
910 |a BOA001  |b CDR-1394.183 
990 |a AV 
991 |b 201710 
996 6 |b 2610717917  |c CDR-1394.183  |l MZK  |r Sklad / do 24 hodin  |n 0  |p p.v.  |w 001628236  |u 000010  |a 1  |e BOA001  |j MZK50  |s P